POLYMER DEGRADATION AND STABILITY (Record no. 13226)

MARC details
000 -LEADER
fixed length control field 00370nam a2200133Ia 4500
022 ## - INTERNATIONAL STANDARD SERIAL NUMBER
ISSN 0141-3910
245 #0 - TITLE STATEMENT
Title POLYMER DEGRADATION AND STABILITY
260 ## - PUBLICATION, DISTRIBUTION, ETC. (IMPRINT)
Name of publisher Elsevier Applied Science, England
Place of publication UK
310 ## - CURRENT PUBLICATION FREQUENCY
Current publication frequency M
500 ## - GENERAL NOTE
General note Ending Volume & Year: 13, 1985
500 ## - GENERAL NOTE
General note Starting Volume & Year: 2, 1980
942 ## - ADDED ENTRY ELEMENTS (KOHA)
Koha item type Bound Journal
Holdings
Withdrawn status Lost status Damaged status Not for loan Home library Current library Date acquired Accession Number Koha item type
      Bound journals RRII Library RRII Library 31/12/2021 13069J Bound Journal